000 00718nam a2200217Ia 4500
003 GCL
008 140319s9999 xx 000 0 ara d
040 _aGCL /
_cGCL
082 0 4 _a322.43
_bهـ ل
100 1 _aهشام آل قطيط
245 1 0 _aاللوبى اليهودى يحكم البيت الابيض /
_cهشام آل قطيط
250 _aالاولى
260 _aبيروت :
_bدار المحجة البيضاء ،
_c2004
300 _a575 ص ؛
_c24 سم
650 0 4 _aالجماعات الضاغطة
650 0 4 _aالنشاط السياسى
650 0 4 _aالصهيونية، اليهود
650 0 4 _aاللوبى اليهودى
650 0 4 _aالبيت الابيض
942 _2ddc
_cBK
999 _c46316
_d46316